[Event "FIDE WCCC U12 2018"]
[Site "Santiago de Compostela"]
[Date "2018.11.08"]
[Round "4"]
[White "Tian, Eddy"]
[Black "Amilal, Munkhdalai"]
[Result "1/2-1/2"]
[WhiteElo "2151"]
[BlackElo "1864"]
[Annotator "TA"]
[PlyCount "189"]
[EventDate "2018.11.04"]
[EventType "swiss"]
[EventCountry "ESP"]
[SourceTitle "playchess.com"]
[Source "ChessBase"]
[SourceQuality "1"]

{[%evp 15,189,56,75,33,21,29,38,16,55,20,36,0,2,6,2,8,8,8,8,8,8,9,10,0,0,-17,-17,0,10,18,14,18,14,9,10,14,59,59,59,55,59,59,67,68,71,72,71,59,85,83,85,76,160,134,133,134,133,133,131,112,139,134,134,134,145,143,143,141,143,143,142,137,144,144,144,100,137,91,138,99,119,114,136,106,105,105,136,103,105,95,135,105,113,97,122,124,133,125,141,102,122,120,106,100,99,64,82,72,93,112,99,101,159,156,139,152,138,0,120,60,120,35,35,0,120,100,120,101,101,18,17,0,101,80,120,120,120,120,120,120,206,201,180,204,200,0,166,130,184,210,227,199,231,193,191,20,20,0,0,0,0,0,0,0,0,0,0,0,0,-69,0,0,0,0,0,0]} 1. d4 Nf6 2. c4 e6 3. g3 d5 4. Nf3 Be7 5. Bg2 O-O 6. O-O dxc4 7. Qc2 Nc6 8. Qxc4 Bd7 {LiveBook: 6 Games. E05: Open Catalan: 5 Nf3 Be7} (8... Qd5 9. Nbd2 Rd8 10. e3 Qxc4 11. Nxc4 Rb8 12. Bd2 Ne4 13. Be1 Bd7 14. Rc1 f6 15. Nfd2 Nxd2 16. Bxd2 Nb4 17. a3 {1-0 (49) Gelfand,B (2747)-Lugovskoy,M (2435) Jurmala 2015}) 9. Nc3 Na5 10. Qd3 c5 {White has an edge.} 11. dxc5 Bxc5 12. Ne5 $146 {With the idea Ne4.} ({Predecessor:} 12. Bg5 Bc6 13. Qc2 Rc8 14. Rad1 Qe7 15. Ne5 Rfd8 16. Rxd8+ Qxd8 17. Bxf6 gxf6 18. Nxc6 Nxc6 {1-0 (34) Ramo Frontinan,C (2341)-Campos Hernandez,A (2161) Zaragoza 2002}) 12... Be8 13. Qc2 Rc8 14. Bg5 h6 15. Rad1 Qe7 $1 $132 {[%mdl 2048] Black is not keeping still} 16. Bxf6 Qxf6 17. Nd7 Bxd7 $1 18. Rxd7 b5 {Hoping for ...b4.} 19. Qe4 a6 20. Qf3 Qxf3 21. Bxf3 Nc4 22. Bb7 Rb8 {White must now prevent ...Ne5.} 23. Bxa6 Nxb2 24. Bxb5 Bb4 25. Na4 Nxa4 26. Bxa4 Rfd8 27. Rfd1 Ba5 28. Ra7 Bb6 29. Rxd8+ Rxd8 $14 {[%mdl 4096] Endgame KRB-KRB} 30. Ra6 Bc5 31. Bb5 Rb8 32. a4 {[%cal Ba2a4,Ba4a5,Ba5a6][%mdl 32]} Rb7 33. Rc6 Ba7 (33... Bf8 $142) 34. Bd3 {[%cal Rc6c8]} Kf8 35. a5 Ke7 36. Rc8 Kd6 37. a6 Rc7 38. Rd8+ Rd7 39. Rg8 f5 40. Bb5 Rc7 41. Rd8+ Ke7 42. Rd1 Bb6 43. Kg2 Ba7 44. e3 Bb6 45. Be2 Ba7 46. Bf3 Ke8 47. Bb7 Ke7 48. Rd2 Ke8 49. Kf3 Ke7 50. h3 Ke8 51. Rd1 Ke7 52. g4 g6 53. Rd2 Rc3 54. Kg3 Bb8+ 55. Kg2 $1 Ba7 56. Rb2 Rc7 57. Rb4 Kf6 58. gxf5 gxf5 59. Rh4 Kg5 60. Rd4 Rc2 $1 61. Rd3 e5 62. Kg3 f4+ 63. Kf3 fxe3 (63... Kh4 $142 64. Be4 (64. exf4 Rxf2+ 65. Ke4 exf4 $16) 64... Ra2) 64. fxe3 $16 Rc4 65. Rd5 Rc5 66. Rd3 Rc4 $1 67. Rb3 ({White should play} 67. Be4 $16 {aiming for Rd7.} Ra4 68. Rd6) 67... Kf6 (67... Ra4 $14) 68. Be4 ({Better is} 68. Ra3 $16) 68... Ra4 $14 69. Bb7 (69. Bd3 $14) 69... Rc4 $1 $16 70. Kg3 Kg6 71. Rd3 Kg5 72. Bd5 (72. Ra3 $16) 72... Ra4 $11 73. Bb7 (73. Rc3 $11) 73... Rc4 $1 $16 74. e4 Ra4 75. h4+ {[%cal Bh3h4,Bh4h5][%mdl 32]} Kg6 76. Rf3 Ra1 77. Rf5 Bd4 (77... h5 $16 78. Rg5+ Kh6) 78. h5+ $18 Kg7 79. Kf3 Ra2 80. Kg3 Ra1 81. Rf3 Rg1+ (81... Re1 $16 82. Rf5 Ra1) 82. Kh2 Ra1 83. Rd3 Ra2+ {[#]} 84. Kh3 $1 Ra1 {[#]} 85. Kg2 $2 ({White must play} 85. Rg3+ $1 $18 Kf8 86. Rg6) 85... Kf6 $11 86. Rf3+ Kg5 $1 87. Rf5+ (87. Rh3 {is more complex.} Ra2+ 88. Kf1 Kg4 89. Rd3 Kxh5 90. Rg3) 87... Kg4 88. Rf7 Kxh5 89. Rh7 Kg6 90. Rh8 h5 91. Bc8 Kg5 92. Bf5 (92. Bb7 $11) 92... h4 (92... Rxa6 $15 93. Rg8+ Kh4) 93. Rg8+ {The position is equal.} Kf6 94. Rg6+ Kf7 {And now ...Rg1+ would win.} 95. Rh6 {Precision: White = 44%, Black = 57%.} 1/2-1/2

[Event "FIDE WCCC U12 2018"]
[Site "Santiago de Compostela"]
[Date "2018.11.08"]
[Round "4"]
[White "Nguyen, Quoc Hy"]
[Black "Macias Pino, Diego"]
[Result "1-0"]
[WhiteElo "2117"]
[BlackElo "1947"]
[Annotator "ChessBase"]
[PlyCount "33"]
[EventDate "2018.11.04"]
[EventType "swiss"]
[EventCountry "ESP"]
[SourceTitle "playchess.com"]
[Source "ChessBase"]
[SourceQuality "1"]
[TimeControl "40/5400+30:1800+30"]

1. d4 {[%emt 0:00:00]} Nf6 {[%emt 0:00:00]} 2. Bg5 {[%emt 0:00:00]} d5 {[%emt 0:00:02]} 3. Nd2 {[%emt 0:00:11]} c5 {[%emt 0:02:26]} 4. dxc5 {[%emt 0:02:42]} e6 {[%emt 0:01:18]} 5. e4 {[%emt 0:08:25]} Bxc5 {[%emt 0:03:06]} 6. e5 {[%emt 0:05:07]} Qb6 {[%emt 0:06:36]} 7. exf6 {[%emt 0:14:22]} Bxf2+ {[%emt 0:00:21]} 8. Ke2 {[%emt 0:01:17]} Bxg1 {[%emt 0:00:13]} 9. Rxg1 {[%emt 0:00:47]} Qxg1 {[%emt 0:01:05]} 10. fxg7 {[%emt 0:00:14]} Rg8 {[%emt 0:00:57]} 11. Ne4 {[%emt 0:03:04]} Rxg7 {[%emt 0:03:31]} 12. Nf6+ {[%emt 0:00:34]} Kf8 {[%emt 0:00:04]} 13. Be3 {[%emt 0:07:50]} Rxg2+ {[%emt 0:09:59]} 14. Kf3 {[%emt 0:00:20]} Qxh2 {[%emt 0:01:37]} 15. Bxg2 {[%emt 0:00:12]} b6 {[%emt 0:00:14]} 16. Bf4 {[%emt 0:00:44]} Qh4 {[%emt 0:00:37]} 17. Qd4 {[%emt 0:00:58]} 1-0

[Event "FIDE WCCC U12 2018"]
[Site "Santiago de Compostela"]
[Date "2018.11.08"]
[Round "4"]
[White "Bui, Bao Anh Le"]
[Black "Palczert, Matyas"]
[Result "1/2-1/2"]
[WhiteElo "2101"]
[BlackElo "1866"]
[Annotator "NA"]
[PlyCount "54"]
[EventDate "2018.11.04"]
[EventType "swiss"]
[EventCountry "ESP"]
[SourceTitle "playchess.com"]
[Source "ChessBase"]
[SourceQuality "1"]
[TimeControl "40/5400+30:1800+30"]

{[%evp 10,51,20,-11,32767,32767,20,22,17,24,11,27,13,7,19,14,16,6,32767,23,26,0,33,8,14,0,21,15,127,23,31,27,10,4,0,0,58,32767,32767,32767,32767,32767,32767,-126]} 1. e4 {[%emt 0:00:00]} c5 {[%emt 0:00:00]} 2. Nf3 {[%emt 0:00:00]} e6 {[%emt 0:00:00]} 3. c4 {[%emt 0:01:34]} Nc6 {[%emt 0:00:31]} 4. Nc3 {[%emt 0:00:31]} Nd4 {[%emt 0:00:25]} 5. Bd3 {[%emt 0:02:26]} g6 {[%emt 0:05:36]} 6. Nxd4 {[%emt 0:05:48]} cxd4 {[%emt 0:00:09]} 7. Ne2 {[%emt 0:00:29]} e5 {[%emt 0:00:29]} 8. Bc2 {[%emt 0:00:16]} Nf6 {[%emt 0:02:43]} 9. O-O {[%emt 0:01:27]} Bg7 {[%emt 0:00:46]} 10. f4 {[%emt 0:00:57]} d6 {[%emt 0:00:31]} 11. Ba4+ {[%emt 0:00:20]} Bd7 {[%emt 0:00:22]} 12. d3 {[%emt 0:00:12]} O-O {[%emt 0:02:37]} 13. f5 {[%emt 0:13:32]} Bc6 {[%emt 0:04:38]} 14. Ng3 {[%emt 0:05:34]} Qd7 {[%emt 0:01:07]} 15. Bc2 {[%emt 0:00:19]} a6 {[%emt 0:05:15]} 16. b3 {[%emt 0:22:31]} b5 {[%emt 0:13:10]} 17. Nh1 {[%emt 0:11:27]} Kh8 {[%emt 0:12:08]} 18. Qe1 {[%emt 0:06:06]} Rg8 {[%emt 0:09:51]} (18... Ng8 $11 {keeps the balance.}) 19. Bg5 {[%emt 0:03:13]} (19. Qh4 $16) 19... h6 {[%emt 0:09:51]} 20. Qh4 {[%emt 0:09:29]} Nh7 {[%emt 0:13:16]} 21. Bxh6 {[%emt 0:02:32]} Bxh6 {[%emt 0:00:27]} 22. Qxh6 {[%emt 0:00:07]} gxf5 {[%emt 0:00:24]} 23. Rf3 {[%emt 0:10:52]} Rg6 {[%emt 0:05:16]} 24. Qh5 {[%emt 0:00:31]} Rag8 {[%emt 0:02:36]} 25. Rg3 {[%emt 0:00:47]} f4 {[%emt 0:01:36]} 26. Rxg6 $17 {[%emt 0:00:32]} fxg6 {[%emt 0:03:18]} 27. Qh6 {[%emt 0:00:23]} bxc4 {[%emt 0:02:31]} 1/2-1/2

[Event "FIDE WCCC U12 2018"]
[Site "Santiago de Compostela"]
[Date "2018.11.08"]
[Round "4"]
[White "Razafindratsima, Timothe"]
[Black "Ermachenko, Manuel"]
[Result "1-0"]
[WhiteElo "2092"]
[BlackElo "1862"]
[Annotator "NA"]
[PlyCount "73"]
[EventDate "2018.11.04"]
[EventType "swiss"]
[EventCountry "ESP"]
[SourceTitle "playchess.com"]
[Source "ChessBase"]
[SourceQuality "1"]
[TimeControl "40/5400+30:1800+30"]

{[%evp 20,73,50,58,32767,32767,105,104,32767,-1,35,27,47,0,0,10,0,6,0,-22,32767,-33,32767,-74,-26,-100,-63,-106,-90,-101,-70,32767,32767,32767,-206,-188,32767,32767,-67,32767,-83,32767,32767,32767,32767,68,152,32767,250,32767,32767,317,32767,32767,29992,29992]} 1. e4 c5 2. Nf3 e6 3. d4 cxd4 4. Nxd4 a6 5. c4 Qc7 6. Nc3 b6 7. Be2 Bb7 8. O-O Nf6 {A34: Englische Eröffnung (Symmetrische Variante)} 9. Qd3 (9. f3 Be7 10. Be3 d6 11. b4 O-O 12. Qd2 Nbd7 13. Rfc1 Rac8 14. a4 Rfe8 15. a5 bxa5 16. Rxa5 {0-1 (32) Savchenko,B (2562)-Sjugirov,S (2654) Sochi 2018}) 9... Be7 10. f4 d6 11. a3 O-O 12. g4 $146 ({Vorgänger:} 12. b4 Nbd7 13. Bb2 Rac8 14. g4 g6 15. g5 Ne8 {1-0 (60) Kyshtymov,D (2032)-Murtazin,R (2308) Voronezh 2018}) 12... d5 (12... Nc6 $11 {keeps the balance.}) 13. cxd5 exd5 14. exd5 (14. e5 $16 Ne4 15. Be3) 14... Nxd5 15. Nxd5 Bxd5 16. Be3 Rd8 17. Rac1 Qb7 18. Qc3 Re8 19. Bf2 Nd7 20. Qh3 Nf6 21. Bd3 Ne4 22. Rfe1 Rad8 23. b4 h6 24. Be3 Bf6 25. Bf1 Nd2 26. Kf2 Re4 $2 (26... Nxf1 27. Rxf1 Bxd4 28. Bxd4 Bg2 29. Qxg2 {[#]} Re2+ $1 {[%mdl 512]} 30. Kxe2 Qxg2+ 31. Ke3 Re8+ 32. Kd3 Qh3+ 33. Kc4 Rc8+ 34. Kd5 Qg2+ 35. Kd6 Rd8+ 36. Kc7 Qd5 37. a4 Qd7+ 38. Kxb6 Qxd4+ 39. Ka5 Rb8 40. Rc8+ Rxc8 41. Rc1 Rxc1 42. b5 Rc4 43. Kxa6 Rc7 44. h4 Qa7#) 27. Nf5 Nb3 28. Rc2 Qb8 (28... Nd4 $19 29. Nxd4 Bxd4 30. Bxd4 Rxf4+ 31. Kg1 Rxd4) 29. Qg3 Re6 (29... Be6 $142 30. Rc6 Bxf5 31. Rxf6 Be6 32. Rxe6 Rxe6) 30. Bd3 b5 31. h4 Rde8 {[#]} 32. g5 $1 hxg5 33. hxg5 Bd4 (33... Bd8 $16) 34. Nxd4 Nxd4 {[#]} 35. Qh4 $1 g6 36. Bxd4 f6 37. Rxe6 1-0

[Event "FIDE WCCC U12 2018"]
[Site "Santiago de Compostela"]
[Date "2018.11.08"]
[Round "4"]
[White "Pavesi, Brando"]
[Black "Sahinoz, Giulio O"]
[Result "1-0"]
[WhiteElo "2073"]
[BlackElo "1847"]
[Annotator "NA"]
[PlyCount "87"]
[EventDate "2018.11.04"]
[EventType "swiss"]
[EventCountry "ESP"]
[SourceTitle "playchess.com"]
[Source "ChessBase"]
[SourceQuality "1"]
[TimeControl "40/5400+30:1800+30"]

{[%evp 12,87,18,0,4,8,29,0,36,41,70,58,235,233,255,267,256,32767,32767,32767,32767,-429,387,364,277,32767,32767,387,428,462,243,32767,202,135,32767,178,185,32767,141,52,87,45,90,32767,32767,32767,32767,32767,32767,32767,0,0,32767,32767,32767,32767,107,80,32767,178,240,170,180,218,439,284,249,-9,130,0,0,-8,577,730,691,713,815,802]} 1. d4 {[%emt 0:00:00]} Nf6 {[%emt 0:00:00]} 2. Bf4 {[%emt 0:00:33]} e6 {[%emt 0:00:00]} 3. e3 {[%emt 0:00:24]} c5 {[%emt 0:00:10]} 4. Nd2 {[%emt 0:01:21]} d5 {[%emt 0:00:40]} 5. c3 {[%emt 0:00:24]} Nc6 {[%emt 0:00:57]} 6. Ngf3 {[%emt 0:01:32]} Be7 {[%emt 0:18:15]} 7. Bd3 {[%emt 0:13:16] LiveBook: 160 Games} O-O {[%emt 0:00:30]} 8. Ne5 {[%emt 0:01:01]} Bd7 {[%emt 0:26:17]} 9. h4 {[%emt 0:12:38] D02: 1 d4 d5 2 Nf3 sidelines, including 2...Nf6 3 g3 and 2...Nf6 3 Bf4} c4 {[%emt 0:08:31]} (9... Be8 10. g4 cxd4 11. exd4 Rc8 12. Nef3 Bd6 13. Be5 Bxe5 14. dxe5 Nxg4 15. Bxh7+ Kh8 16. Rg1 {½-½ (50) Motylev,A (2680)-Wen,Y (2581) China 2014}) 10. Bc2 {[%emt 0:01:10]} b5 {[%emt 0:00:35]} 11. g4 {[%emt 0:04:59]} b4 $2 {[%emt 0:03:43]} (11... Nxe5 $16 {was necessary.} 12. dxe5 Ne8) 12. g5 {[%emt 0:02:49]} bxc3 $146 {[%emt 0:04:34]} ({Predecessor:} 12... Ne8 13. Qh5 f5 14. g6 Nf6 15. gxh7+ Nxh7 16. Rg1 Be8 {1-0 (34) Pospisil,M (1908)-Meduna,E (2422) Kouty nad Desnou 2010}) 13. bxc3 {[%emt 0:16:26]} Ne8 {[%emt 0:02:02]} 14. Bxh7+ {[%emt 0:04:05]} Kxh7 {[%emt 0:04:43]} 15. Nxf7 {[%emt 0:05:24]} Rxf7 {[%emt 0:04:06]} 16. Qh5+ {[%emt 0:00:41]} Kg8 {[%emt 0:00:07]} 17. g6 {[%emt 0:00:04]} Nf6 {[%emt 0:01:22]} 18. gxf7+ {[%emt 0:00:06]} Kf8 {[%emt 0:00:05]} 19. Qg6 {[%emt 0:00:28]} Ba3 {[%emt 0:06:55]} 20. Rg1 {[%emt 0:01:18]} Ke7 {[%emt 0:00:48]} 21. Qxg7 {[%emt 0:08:48]} Qf8 {[%emt 0:03:22]} 22. Be5 {[%emt 0:06:48]} Qxg7 {[%emt 0:02:32]} 23. Rxg7 {[%emt 0:00:05]} Rf8 {[%emt 0:00:16]} 24. Rb1 {[%emt 0:01:02]} Bc8 {[%emt 0:02:04]} 25. Bf4 {[%emt 0:06:49]} (25. Ke2 $16) 25... Rxf7 {[%emt 0:00:40]} 26. Rg6 {[%emt 0:00:41]} Kf8 {[%emt 0:02:18]} 27. Bh6+ {[%emt 0:00:32]} Ke8 {[%emt 0:00:05]} 28. Bg5 {[%emt 0:00:40]} Be7 {[%emt 0:00:06]} 29. f3 {[%emt 0:00:57]} e5 {[%emt 0:03:50]} 30. Rb5 {[%emt 0:02:04]} Ba6 {[%emt 0:00:59]} 31. Rb1 {[%emt 0:02:26]} Bc8 {[%emt 0:01:19]} 32. Rb5 {[%emt 0:01:54]} Ba6 {[%emt 0:00:06]} 33. Rb2 {[%emt 0:00:37]} exd4 {[%emt 0:00:46]} ({Black should play} 33... Kd7 $14) 34. exd4 {[%emt 0:00:06]} Bc8 {[%emt 0:00:14] [#]} 35. Nf1 $1 {[%emt 0:01:40]} Bd8 {[%emt 0:01:32]} (35... Nd8 {keeps fighting.} 36. Ne3 Be6) 36. Re2+ {[%emt 0:00:30]} Kd7 {[%emt 0:00:36]} 37. Ne3 {[%emt 0:01:56]} Kd6 $2 {[%emt 0:00:37]} (37... a6 {was worth a try.} 38. Rh2 Bc7) 38. Bf4+ {[%emt 0:00:15]} (38. h5 $142) 38... Kd7 {[%emt 0:01:24]} 39. Nf5 $2 {[%emt 0:00:37]} (39. Ng4 $18) 39... Ba5 {[%emt 0:00:30]} (39... Ne8 $11 {remains equal.} 40. Rxc6 Rxf5) 40. Nd6 {[%emt 0:00:00]} (40. Kd2 $16) 40... Bxc3+ {[%emt 0:00:00]} 41. Kd1 $1 {[%emt 0:01:38]} Rf8 $2 {[%emt 0:01:42]} (41... Nh5 $11 42. Bd2 Rxf3) 42. Rg7+ {[%emt 0:01:05]} Kd8 {[%emt 0:02:17]} 43. Nf7+ {[%emt 0:00:51]} Rxf7 {[%emt 0:00:24]} 44. Rxf7 $18 {[%emt 0:00:10]} 1-0

[Event "FIDE WCCC U12 2018"]
[Site "Santiago de Compostela"]
[Date "2018.11.08"]
[Round "4"]
[White "Silich, Yahor"]
[Black "Gukesh D"]
[Result "0-1"]
[WhiteElo "2058"]
[BlackElo "2457"]
[Annotator "TA"]
[PlyCount "78"]
[EventDate "2018.11.04"]
[EventType "swiss"]
[EventCountry "ESP"]
[SourceTitle "playchess.com"]
[Source "ChessBase"]
[SourceQuality "1"]

{[%evp 18,78,51,38,56,0,42,3,4,0,-1,0,4,0,0,-53,-32,-48,-46,-65,-63,-77,-74,-88,-60,-93,-41,-50,-38,-122,-111,-129,-136,-336,-315,-320,-306,-315,-310,-325,-329,-422,-410,-411,-364,-316,-295,-358,-273,-452,-448,-547,-544,-644,-696,-689,-625,-1032,-1014,-890,-838,-2252,-2174]} 1. e4 c6 2. d4 d5 3. Nd2 dxe4 4. Nxe4 Nf6 5. Nxf6+ exf6 6. c3 Bd6 7. Bd3 Be6 8. Ne2 Qc7 9. h3 {B15: Caro-Kann: 3 Nc3: 3...g6 and 3...dxe4 4 Nxe4 Nf6 5 Nxf6+ exf6} Nd7 10. Qc2 {LiveBook: 5 Games} g6 (10... Nf8 11. Bd2 Bd7 12. O-O-O Ne6 13. c4 O-O-O 14. c5 Bf4 15. Bc4 Kb8 {0-1 (53) Jones,G (2623)-Aronian,L (2784) Berlin 2015}) 11. Bd2 ({Better is} 11. Bh6 $14) 11... f5 $146 ({Predecessor:} 11... Bd5 12. O-O g5 13. f4 gxf4 14. Nxf4 O-O-O 15. c4 Be6 16. d5 cxd5 17. cxd5 Qxc2 18. Bxc2 Bxf4 19. Bxf4 Bxd5 {1-0 (36) Polschikov,A (2355)-Vitebsky,L (2128) Kurgan 2010}) 12. c4 Nf6 13. b3 O-O 14. O-O Nh5 15. Kh1 Be7 16. f4 (16. Bc3 $11) 16... Bf6 17. Bc3 Rfe8 18. Kh2 Rad8 19. g3 Bc8 20. Rad1 Re7 21. Kg2 Rde8 (21... b6 $17) 22. Ng1 $15 Re3 23. Nf3 {[#]} (23. Rf3 $15) 23... g5 $1 $17 {[%cal Bg6g5,Bg5f4,Bf4e3][%mdl 544]} 24. Bd2 (24. Nxg5 Rxg3+) 24... gxf4 25. Bxe3 $2 (25. gxf4 $17 Qxf4 26. Bxe3 Rxe3 27. Qf2) 25... fxe3 $19 ({Less strong is} 25... Rxe3 26. Rfe1 $17) 26. Ne5 Bxe5 27. dxe5 Qxe5 28. Rf3 {[%cal Rd3f5]} f4 29. Bxh7+ Kg7 30. g4 ({Of course not} 30. gxf4 Nxf4+ 31. Kh1 Nxh3 $19) 30... Ng3 31. Bd3 c5 32. Be2 b6 33. Rd5 $2 (33. Rxg3 fxg3 34. Bf3) 33... Qf6 {Black is clearly winning.} 34. Qd1 Bb7 35. g5 Qb2 36. Rxg3 {[#] Black must now prevent Rg4.} fxg3 37. Kxg3 {If White can now play Rf5 this consolidates a bit.} Bxd5 38. cxd5 Qe5+ 39. Kf3 Qf5+ {Precision: White = 29%, Black = 68%.} 0-1

[Event "FIDE WCCC U12 2018"]
[Site "Santiago de Compostela"]
[Date "2018.11.08"]
[Round "4"]
[White "Samadov, Read"]
[Black "Yu, Jason"]
[Result "1-0"]
[WhiteElo "2029"]
[BlackElo "2097"]
[Annotator "NA RC"]
[PlyCount "59"]
[EventDate "2018.11.04"]
[EventType "swiss"]
[EventCountry "ESP"]
[SourceTitle "playchess.com"]
[Source "ChessBase"]
[SourceQuality "1"]
[TimeControl "40/5400+30:1800+30"]

{[%evp 23,58,0,18,-7,0,0,0,0,0,-22,5,0,18,-23,0,0,0,0,32767,12,32767,32767,377,425,458,447,522,962,32767,1978,6145,29986,29993,29994,29995,32767,29999]} 1. d4 {[%emt 0:00:00]} Nf6 {[%emt 0:00:00]} 2. c4 {[%emt 0:00:00]} g6 {[%emt 0:00:00]} 3. Nc3 {[%emt 0:00:00]} d5 {[%emt 0:00:00]} 4. cxd5 {[%emt 0:00:05]} Nxd5 {[%emt 0:00:00]} 5. e4 {[%emt 0:00:07]} Nxc3 {[%emt 0:00:00]} 6. bxc3 {[%emt 0:00:30]} Bg7 {[%emt 0:00:00]} 7. Bc4 {[%emt 0:00:00]} O-O {[%emt 0:00:06]} 8. Ne2 {[%emt 0:00:11]} c5 {[%emt 0:00:07]} 9. Be3 {[%emt 0:00:15]} Nc6 10. O-O {[%emt 0:01:32]} Na5 {[%emt 0:00:30]} 11. Bd3 {[%emt 0:01:08]} b6 {[%emt 0:00:07]} 12. Qd2 {[%emt 0:03:25]} e5 {[%emt 0:01:01] LiveBook: 92 Games D87: Grünfeldindisch (Abtauschvariante, Botwinnik-Variante)} 13. Bh6 {[%emt 0:16:28]} (13. Bg5 Qd7 14. Rad1 exd4 15. cxd4 cxd4 16. Bh6 Qd6 17. Ng3 f6 18. Bxg7 Kxg7 19. f4 Qe7 20. f5 Nc6 21. Bb5 Ne5 22. Qxd4 {½-½ (22) Vachier Lagrave,M (2757)-Mchedlishvili,M (2609) Germany 2014}) 13... cxd4 {[%emt 0:11:07]} 14. Bxg7 {[%emt 0:03:07]} Kxg7 {[%emt 0:00:29]} 15. cxd4 {[%emt 0:02:05]} exd4 {[%emt 0:00:20]} 16. Qb2 {[%emt 0:05:21]} Qf6 {[%emt 0:20:47]} 17. f4 {[%emt 0:10:49]} ({Aber nicht} 17. Qxd4 $2 Qxd4 18. Nxd4 Rd8 $19) 17... Rd8 {[%emt 0:11:36]} 18. Rf2 $146 {[%emt 0:13:17]} ({Vorgänger:} 18. e5 Qe7 19. Be4 Rb8 20. Nxd4 Qc5 21. Rfd1 Bg4 22. Rd3 Nc4 {1-0 (64) Galvan Huaraca,J (2221)-Perez Garcia,R (2162) Benidorm 2008}) 18... Bg4 {[%emt 0:13:34]} 19. e5 {[%emt 0:06:43]} Qc6 {[%emt 0:06:38]} 20. h3 {[%emt 0:07:04]} Bxe2 {[%emt 0:01:13]} 21. Qxe2 {[%emt 0:00:30]} Rac8 {[%emt 0:04:02]} 22. f5 {[%emt 0:03:16]} Rc7 $2 {[%emt 0:08:23]} (22... Nc4) 23. e6 {[%emt 0:03:32]} Re8 {[%emt 0:03:27]} 24. Bb5 {[%emt 0:05:45]} Qc3 {[%emt 0:02:08]} 25. f6+ {[%emt 0:01:03]} Kh8 {[%emt 0:02:05]} 26. Bxe8 {[%emt 0:00:19]} Qxa1+ {[%emt 0:01:37]} 27. Rf1 {[%emt 0:00:15]} Qc3 28. exf7 {[%emt 0:00:15]} Qc5 {[%emt 0:01:53]} 29. Qe7 {[%emt 0:00:14]} Rxe7 {[%emt 0:00:29]} 30. f8=Q# {[%emt 0:00:07]} 1-0

[Event "FIDE WCCC U12 2018"]
[Site "Santiago de Compostela"]
[Date "2018.11.08"]
[Round "4"]
[White "Ristic, Luka"]
[Black "Zhou, Liran"]
[Result "1-0"]
[WhiteElo "1897"]
[BlackElo "2186"]
[Annotator "TA"]
[PlyCount "111"]
[EventDate "2018.11.04"]
[EventType "swiss"]
[EventCountry "ESP"]
[SourceTitle "playchess.com"]
[Source "ChessBase"]
[SourceQuality "1"]

{[%evp 22,111,0,0,0,0,0,0,18,12,18,7,18,9,14,7,14,20,21,26,25,21,22,22,15,18,34,17,20,0,0,0,0,0,0,0,41,11,36,0,0,0,0,0,0,-34,-21,-53,36,0,0,0,210,200,199,110,148,39,201,215,251,190,265,240,367,367,354,354,745,727,745,737,889,917,930,907,1511,1395,1434,1300,1457,1365,1738,1635,29973,29977,29976,29973,29978,29970,29969,29964]} 1. e4 c5 2. Nf3 d6 3. d4 cxd4 4. Nxd4 Nf6 5. Nc3 a6 6. f3 e5 7. Nb3 Be6 8. Be3 Be7 9. Qd2 O-O 10. Nd5 {B90: Sicilian Najdorf: Unusual White 6th moves, 6 Be3 Ng4 and 6 Be3 e5} (10. O-O-O Nbd7 11. g4 b5 12. g5 Nh5 13. Nd5 Bxd5 14. exd5 f6 15. gxf6 Bxf6 16. Kb1 Nf4 17. Na5 Nb6 18. Nc6 Qc7 19. Bxf4 exf4 20. c3 Rae8 21. Rg1 {½-½ (88) So,W (2776)-Wojtaszek,R (2727) Batumi 2018}) 10... Bxd5 11. exd5 Nbd7 12. Be2 {LiveBook: 6 Games. The position is equal.} Rc8 13. Na5 Qc7 14. c4 Nh5 15. O-O Nf4 16. Bd1 $146 ({Predecessor:} 16. b4 Nxe2+ 17. Qxe2 {1-0 (28) Oliveira,L (2125)-Ferreira,C (1953) Vila Nova de Gaia 2010}) 16... Bd8 17. b4 Qb8 18. Ba4 Nf6 19. Rac1 b5 20. Bb3 bxc4 21. Bxc4 {Nc6 is the strong threat.} Bb6 22. Bxb6 $1 Qxb6+ 23. Kh1 $1 Rc7 24. g3 Ng6 $1 25. Bb3 Ne7 26. Rxc7 Qxc7 27. Rc1 Qd7 28. Nc6 g6 29. Qd3 Ra8 30. a4 Kg7 31. Kg2 h5 32. h4 Nf5 33. Qc3 Re8 34. Re1 Qc7 (34... Ne7 $15 35. Nxe7 Qxe7) 35. Qc4 Qb6 {Threatens to win with ...Ne3+.} 36. Qd3 $1 e4 $2 (36... Ne7 $11) 37. fxe4 $18 Ng4 {( -> ...Qf2+)} 38. Re2 (38. Qd2 $18 Nfh6 39. a5) 38... Nfe3+ $16 39. Kh3 ({White must play} 39. Kh1 $16) 39... f5 $2 (39... f6 $14) 40. a5 $18 Qb7 {Threatening ...Kh7.} 41. Qd4+ Kg8 (41... Kh7 {is a better defense.}) 42. Rxe3 fxe4 (42... Nxe3 $142 43. Qxe3 Rxe4) 43. Re1 Qf7 {[#]} 44. Bd1 $1 {[%cal Bb3d1,Bd1f3,Bf3e2][%mdl 32]} Qf5 $2 (44... e3) 45. Kg2 e3 46. Bf3 Kh7 47. Qf4 Qxf4 48. gxf4 Nf2 {[#]} 49. Rxe3 $3 {[%mdl 512]} Rxe3 50. Kxf2 Rb3 51. Be2 Kg7 52. Bxa6 Kf6 53. b5 {[%cal Bb4b5,Bb5b6][%mdl 32] White mates.} Rb2+ 54. Ke3 Rb3+ 55. Ke4 Rb1 56. b6 {Precision: White = 64%, Black = 37%.} 1-0